|
|
|
|
| LEADER |
00000cam a2200000 a 4500 |
| 003 |
Ucuenca |
| 005 |
20240321115056.0 |
| 008 |
000000|1977 ec |||||r|||||||||||spa|| |
| 040 |
|
|
|b spa
|
| 041 |
1 |
|
|a es
|
| 041 |
1 |
|
|a it
|
| 082 |
0 |
|
|a E861
|
| 100 |
1 |
|
|a Cordero Crespo, Luis.
|d 1833-1912
|9 5747
|
| 245 |
|
|
|a Mi evangelio
|c Luis Cordero Crespo, Antonio Guerriero, traductor
|h imp
|
| 246 |
|
|
|a Il mio vangelio
|
| 264 |
|
|
|a Cuenca
|b Don Bosco
|c 1977
|
| 300 |
|
|
|a 157 páginas:
|c 22 cm
|
| 650 |
|
0 |
|a Literatura ecuatoriana
|9 307
|
| 650 |
|
0 |
|a Poesía cuencana
|9 4951
|
| 852 |
|
|
|a UC-CDJBV
|
| 852 |
|
|
|a UC-CDJBV
|
| 942 |
|
|
|c BK
|2 ddc
|z erika.penafielv@ucuenca.edu.ec
|
| 999 |
|
|
|c 7640
|d 7640
|